00569nam a2200169Ia 4500008004100000020001800041041000800059082001600067100001700083245004200100250000600142260004900148300001400197650003900211999001900250952013000269210716s2008 xx 000 0 und d a9788182091245 aeng a658.56 SAXJ aSaxena, J P. aProduction and operations management. a1 aChennaibVijay Nicole Imprints Pvt Ltdc2008 axxiii,580 aProduction & Operations Management c202684d202684 00102ddc40738MBAaAIMITbAIMITd2008-09-02g495.00l0o658.56 SAXJpMBA05250r2025-07-21 00:00:00v371.25w2021-07-16yBK